| 000 | 01091nam a22002537a 4500 | ||
|---|---|---|---|
| 005 | 20240530110627.0 | ||
| 008 | 170109s2014 ua b g |b 000 0 ara d | ||
| 040 |
_aEG-CaGPL _cEG-CaGPL |
||
| 082 | 0 | 4 |
_221 _a953.07\ _bح ف |
| 100 | 0 | _aحنان مبروك سعيد اللبودى | |
| 245 | 1 | 0 |
_aفى تاريخ دويلات المشرق الاسلامى / _cحنان مبروك سعيد اللبودى |
| 260 |
_aالاسكندرية : _bدار المعرفة الجامعية ، _c2014. |
||
| 300 |
_a220 ص. : _bخرائط ؛ _c24 سم. |
||
| 504 | _aيشتمل على ارجاعات ببليوجرافية | ||
| 650 | _2qrmak | ||
| 651 | 0 | 7 |
_2qrmak _aالدولة الطاهرية _xتاريخ |
| 651 | 0 | 7 |
_2qrmak _aالدولة الصفارية _xتاريخ |
| 651 | 0 | 7 |
_2qrmak _aالدولة السامانية _xتاريخ |
| 651 | 0 | 7 |
_2qrmak _aالدولة الزيارية _xتاريخ |
| 651 | 0 | 7 |
_2qrmak _aالدولة الزيدية _xتاريخ |
| 651 | 0 | 7 |
_2qrmak _aالدولة الغزنوية _xتاريخ |
| 942 |
_2ddc _cBK |
||
| 999 |
_c63179 _d63179 |
||